000
00216nam a22000857a 4500
008
170113b xxu||||| |||| 00| 0 eng d
100
_9
2407
_a
Anand.A.
245
_a
Science practical-X
260
_a
New Delhi
_b
Full Mark
_c
2011
999
_c
5440
_d
5440